La Administración práctica : enciclopedia de administración municipal enciclopedia de administración municipal
Publicado:
Barcelona :
Establecimiento Tipográfico de La Casa de los Secretarios : Bayer Hermanos y Compañía ,
1889
Descripción Física:
Volums : periodicitat mensual ; 24 cm
Materias:
Administració local -- Dret i legislació -- Espanya -- Revistes
; Administració pública
; Municipis -- Govern i administració -- Espanya -- Revistes
; Revistes
Idioma:
Español
MARC
| LEADER | 00000nas a2200000 a 4500 | ||
|---|---|---|---|
| 003 | Arxiu | ||
| 005 | 20260324181050.0 | ||
| 008 | 160829c1889 spcmrxp spa c | ||
| 040 | |a AGDB | ||
| 080 | |a Revistes | ||
| 245 | 0 | 3 | |a La Administración práctica : |b enciclopedia de administración municipal |
| 260 | |a Barcelona : |b Establecimiento Tipográfico de La Casa de los Secretarios : |b Bayer Hermanos y Compañía, |c 1889- | ||
| 300 | |a Volums : |b periodicitat mensual ; |c 24 cm | ||
| 310 | |a Mensual | ||
| 362 | |a Año VII (1889)- | ||
| 500 | |a Dirigida por D Antonio Torrents Monners y D. Francisco Elías Mauri (1895). -- Director: M. M. Martín Boyer (1969) | ||
| 500 | |a Declarada de utilidad pública por Real Orden de 31 de enero de 1899 | ||
| 590 | |a Mensual. | ||
| 590 | |a Descripció basada en: Año 7, no. 4 (mayo 1895). | ||
| 590 | |a Prové de 2169 | ||
| 650 | |a Administració local |x Dret i legislació |x Espanya |x Revistes |9 41089 | ||
| 650 | 0 | |a Administració pública |9 23819 | |
| 650 | 0 | |a Municipis |x Govern i administració |x Espanya |x Revistes |9 41090 | |
| 655 | 0 | |9 55823 |a Revistes | |
| 700 | |a Torrents y Monner, Antonio |e director editorial |9 47342 | ||
| 700 | 1 | |a Elías Mauri, Francisco |9 41092 |e director editorial | |
| 866 | |a Any 7, núm. 4 (maig 1895, apèndix) | ||
| 866 | |a Any 81, núm. 13 (1969, índexs) | ||
| 866 | |a Any 82, núm. 3, 4, 5, 6, 7, 8, 9, 11, 12, 13 (1970) | ||
| 866 | |a Any 83, núm. 1, 2, 3, 5, 6, 8, 9, 10, 11, 12, 13 (1971) | ||
| 866 | |a Any 84, núm. 1, 2, 3, 4, 5, 6, 7, 10, 11, 12, 13 (1972) | ||
| 866 | |a Any 85, núm. 1, 3, 4, 5, 6, 7, 8, 9, 10, 11, 12, 13 (1973) | ||
| 866 | |a Any 86, núm. 1, 3, 10, 13 (1974) | ||
| 866 | |a Any 87, núm. 1, 2, 3, 4, 5, 11 (1975) | ||
| 866 | |a Any 88, núm. 1, 2, 3, 5, 7, 8, 9, 10, 11, 12 (1976) | ||
| 866 | |a Any 89, núm. 1, 2, 4, 5, 6, 7, 8, 9, 10, 11, 12, 13 (1977) | ||
| 866 | |a Any 90, núm. 1, 2, 3, 5, 6, 7, 9, 10, 11, 12, 13 (1978) | ||
| 866 | |a Any 91, núm. 1, 2, 3, 4, 5, 6, 7, 8, 9, 10, 11, 12 (1979) | ||
| 866 | |a Any 92, núm. 1, 2, 3, 4, 5, 6, 7, 8, 9, 10, 13 (1980) | ||
| 866 | |a Any 93, núm. 1, 2, 11, 12, 13 (1981) | ||
| 866 | |a Any 94, núm. 1, 2, 3, 4, 5, 6, 7, 8, 9, 10 11, 12, 13 (1982) | ||
| 866 | |a Any 95, núm. 1, 2, 3, 4, 5, 6, 7, 8, 9, 10 11, 12, 13 (1983) | ||
| 866 | |a Any 96, núm. 1, 2, 3, 4, 5, 6, 7, 9, 10 11, 12, 13 (1984) | ||
| 866 | |a Any 97, núm. 1, 2, 3, 4, 5, 6, 7, 8, 9, 10 11, 12, 13 (1985) | ||
| 866 | |a Any 98, núm. 1, 2, 3, 4, 5, 6, 7, 9, 10 11, 12, 13 (1986) | ||
| 866 | |a Any 99, núm. 1, 2, 3, 5, 6, 7, 8, 9, 10 11, 12, 13 (1987) | ||
| 866 | |a Any 100, núm. 1, 2, 3, 4, 5, 6, 7, 8, 9, 10 11, 12, 13 (1988) | ||
| 866 | |a Any 101, núm. 1, 2, 3, 4, 5, 6, 7, 8, 9, 10 11, 12, 13 (1989) | ||
| 866 | |a Any 102, núm. 1, 2, 3, 4, 5, 6, 7, 8, 9, 10 11, 12, 13 (1990) | ||
| 866 | |a Any 103, núm. 1, 2, 3, 4, 5, 6, 7, 8, 9, 10 11, 12, 13 (1991) | ||
| 866 | |a Any 104, núm. 1, 2, 3, 4, 5, 6, 7, 8, 9, 10 11, 12, 13 (1992) | ||
| 866 | |a Any 105, núm. 1, 2, 3 (1993) | ||
| 901 | |a Arxiu | ||
| 942 | |n 1 |2 udc |c REV | ||
| 952 | |0 0 |1 0 |4 0 |6 REV2016 |7 1 |9 50038 |a Arxiu |b Arxiu |d 2016-12-01 |h Any 7, núm. 4 (maig 1895) |o Rev-2016 |p 27534 |r 2016-12-01 00:00:00 |w 2016-12-01 |y ARXIU | ||
| 952 | |0 0 |1 0 |4 0 |7 1 |9 65658 |a Arxiu |b Arxiu |d 2023-03-16 |h Any 81, Núm. 13 (1969) |o Rev-2017 |p 27535 |r 2023-03-16 00:00:00 |w 2023-03-16 |y ARXIU |z Índexs | ||
| 952 | |0 0 |1 0 |4 0 |7 1 |9 65659 |a Arxiu |b Arxiu |d 2023-03-16 |h Any 82, núm. 3 (març 1970) - Any 86, núm. 13 (1974) |o Rev-2018 |p 27536 |r 2023-03-16 00:00:00 |w 2023-03-16 |y ARXIU |z Índexs 1970, 1971, 1972, 1973, 1974 | ||
| 952 | |0 0 |1 0 |4 0 |6 REV2019 |7 1 |9 65660 |a Arxiu |b Arxiu |d 2023-03-16 |h Any 87, núm. 1 (gener 1975) - Any 91, núm. 2 (desembre 1979) |l 0 |o Rev-2019 |p 27537 |r 2023-03-16 00:00:00 |w 2023-03-16 |y ARXIU |z Índexs 1977, 1978 | ||
| 952 | |0 0 |1 0 |4 0 |7 1 |9 65661 |a Arxiu |b Arxiu |d 2023-03-16 |h Any 92, núm. 1 (gener 1980) - Any 95, núm. 13 (1983) |o Rev-2020 |p 27538 |r 2023-03-16 00:00:00 |w 2023-03-16 |y ARXIU |z Índexs 1980, 1981, 1982, 1983 | ||
| 952 | |0 0 |1 0 |4 0 |6 REV2021 |7 1 |9 65662 |a Arxiu |b Arxiu |d 2023-03-16 |h Any 96, núm. 1 (gener 1984) - Any 98, núm. 13 (1986) |l 0 |o Rev-2021 |p 27539 |r 2023-03-16 00:00:00 |w 2023-03-16 |y ARXIU |z Índexs 1984, 1985, 1986 | ||
| 952 | |0 0 |1 0 |4 0 |6 REV2022 |7 1 |9 65663 |a Arxiu |b Arxiu |d 2023-03-16 |h Any 99, núm. 1 (gener 1987) - Any 101, núm. 13 (1989) |l 0 |o Rev-2022 |p 27540 |r 2023-03-16 00:00:00 |w 2023-03-16 |y ARXIU |z Índexs 1987, 1988, 1989 | ||
| 952 | |0 0 |1 0 |4 0 |6 REV2023 |7 1 |9 65664 |a Arxiu |b Arxiu |d 2023-03-16 |h Any 102, núm. 1 (gener 1990) - Any 105, núm. 3 (1993) |l 0 |o Rev-2023 |p 27541 |r 2023-03-16 00:00:00 |w 2023-03-16 |y ARXIU |z Índexs 1990, 1991, 1992 | ||
| 999 | |c 53880 |d 53880 | ||